Pintipolín

Gespeichert in:
Bibliographische Detailangaben
1. Verfasser: Moro Cabeza, C. Autor
Format: keine Angabe
Sprache:Spanisch
Erschienen: s.l. s.n. s.d.
Katalog:MANES:  Suchergebnis im Bibliothekskatalog
Schulbuchspezifische Eigenschaften:
Tags: Tag hinzufügen
Keine Tags, Fügen Sie den ersten Tag hinzu!
Hinzugefügt zu:26.04.2016

MARC

LEADER 000000000a22000000004500
001 17932
003 OSt
008 160427s sp ||||| |||| 00| 0 spa d
041 1 |a spa 
040 |c centro_manes 
691 7 |a PRI 
100 1 |a Moro Cabeza, C.  |b Autor  |9 12976 
245 0 0 |a Pintipolín 
260 3 |a s.l.  |b s.n.  |c s.d. 
300 |a 99p.  |c 22 * 15 cm 
500 |a ILUSTRACIONES: Contiene varios dibujos en blanco y negro. ENCUADERNACIÓN: Sin encuadernar. DESCRIPCIÓN CONTENIDO: Cuentos de Pintipolín. PALABRAS CLAVE: Lectura infantil. Cuentos. NéMERO EJEMPLARES: 1. Nº TOPOGRÁFICO: 2410. CONSERVACIÓN: Buena. 
690 0 |a EyL 
942 |2 ddc  |c BK 
546 |a España 
999 |c 23901  |d 23901 
999 |c manes:23901  |d 23901